000 01181pam a2200349 a 4500
001 912
005 20230908155958.0
020 _a0679890645 (trade)
020 _a090129003990
040 _aDLC
_cDLC
_dDLC
_beng
050 0 0 _aPZ7.O81167
_bBu 1999
082 0 0 _aFic
_221
100 1 _aOsborne, Mary Pope.
245 1 0 _aBuffalo before breakfast /
_cby Mary Pope Osborne ; illustrated by Sal Murdocca.
250 _aPrinted in the United States of America
260 _aNew York :
_c1999.
300 _a72 pages :
_billustrations ;
_c20 cm
490 _aMagic Tree House
_v18
500 _a"A stepping stone book."
505 _aN
520 _aThe magic tree house takes Jack and his sister Annie to the Great Plains where they learn about the life of the Lakota Indians.
521 _a560
_bLexile
521 _aN
_bRaz-Plus
650 1 _aTime travel
_xFiction.
650 1 _aMagic
_xFiction.
650 1 _aTree houses
_xFiction.
650 1 _aDakota Indians
_xFiction.
650 1 _aIndians of North America
_zGreat Plains
_xFiction.
700 1 _aMurdocca, Sal
_eillustrator
906 _a7
_bcbc
_corignew
_d1
_eocip
_f19
_gy-gencatlg
942 _2ddc
_cBK
_n0
999 _c912
_d912